Mapuche: lengua y cultura, mapudungun, español, inglés
Gardado en:
| Main Authors: | , , |
|---|---|
| Formato: | Libro |
| Idioma: | Lingua castelá inglés |
| Publicado: |
Santiago
Pehuén
2002
|
| Edición: | 4a. ed |
| Subjects: | |
| Tags: |
Engadir etiqueta
Sen Etiquetas, Sexa o primeiro en etiquetar este rexistro!
|
MARC
| LEADER | 00000nam a2200000 a 4500 | ||
|---|---|---|---|
| 001 | UCL4889 | ||
| 003 | CL-VaPUC | ||
| 008 | 040227e20020000CL |||||||||||||||||spa|d | ||
| 020 | |a 9561602490 | ||
| 041 | 0 | 7 | |a spa |2 CL-VaPUC |
| 041 | 0 | 7 | |a eng |2 CL-VaPUC |
| 082 | 0 | 4 | |a 498.8 |b HER |2 21 |
| 100 | |a Hernández Sallés, Arturo |e author |9 541683 | ||
| 700 | 0 | |a Ramos Pizarro, Nelly |e author |9 482592 | |
| 700 | 0 | |a Cárcamo Luna, Carlos |e author |9 482593 | |
| 245 | 1 | 0 | |a Mapuche: lengua y cultura, mapudungun, español, inglés |
| 250 | |a 4a. ed | ||
| 300 | |a 142 p | ||
| 942 | |c BK | ||
| 945 | |d 20040227 00:00:00 |a cmena | ||
| 260 | |a Santiago |b Pehuén |c 2002 | ||
| 600 | 0 | 7 | |a MAPUDUNGUN |2 CL-VaPUC |9 482594 |
| 650 | 0 | |a Etnolingüística |9 341076 | |
| 650 | 0 | |a Sociolingüística |9 263716 | |
| 650 | 0 | |a Investigación lingüística |9 329785 | |
| 650 | 0 | |a Antropología cultural y social |9 265143 | |
| 650 | 0 | |a Mapuches |9 392456 | |
| 583 | |a last modification |c 20040227 00:00:00 |k Rodrigo Vera | ||
| 999 | |c 307644 |d 307642 | ||
| 952 | |0 0 |1 0 |4 0 |6 498_800000000000000_HER_2002 |7 0 |8 X |9 373688 |a BIBEDU |b BIBEDU |d 2019-11-21 |i 3986594 |o 498.8 HER 2002 |p 3986594 |r 2023-01-13 |w 2019-11-21 |y BK_X |k PAR | ||